=LDR 00000nam 2200000 4500 =001 INLIS000000000042700 =005 20140321093644.0 =006 =007 =008 ind =035 ##$$a 0010-101300000000622 =041 ##$$a ind =082 ##$$a 610.73 =090 ##$$a 610.73, Roh p =100 ##$$a Rohani =245 ##$$a Panduan praktis keperawatan.Rohani Dan Hingawati Setio =260 ##$$a Yogyakarta $b Citra Aji Parama $c 2010 =300 ##$$a 108 hlm, Ilus, 25 cm =650 ##$$a PERAWAT DAN PERAWATAN =850 ##$$a NBPNMAT =990 ##$$a 90982/BPAP-NTB/2014